| 000 | 00744nam a2200229Ii 4500 | ||
|---|---|---|---|
| 003 | JO-AjNU | ||
| 008 | 230605s9999||||xx |||||||||||||| ||und|| | ||
| 017 | _a2004/15921 | ||
| 020 | _a977-232-412-1 | ||
| 040 |
_aJO-AjNU _bara _erda _cJO-AjNU |
||
| 041 | _aara | ||
| 050 | 1 | 4 | _aLB1025.3.M33 2004 |
| 100 | 3 |
_aمحمود، صلاح الدين عرفة, _eauthor _935757 |
|
| 245 | 0 | 0 | _aتفريد تعلم مهارات التدريس بين النظرية والتطبيق |
| 250 | _aط1 | ||
| 264 | 3 | 1 | _aالقاهرة:عالم الكتب،2004 |
| 300 | _a355ص | ||
| 336 |
_atext _btxt _2rdacontent |
||
| 337 |
_aunmediated _bn _2rdamedia |
||
| 338 |
_avolume _bnc _2rdacarrier |
||
| 650 | 4 |
_aالتدريس-طرق التدريس _935758 |
|
| 999 |
_aA14793 _c18361 _d18361 |
||